[Event "Orsay Blitz op"]
[Site "Europe Echecs INT"]
[Date "2023.09.17"]
[Round "2"]
[White "Efimov, Igor"]
[Black "Zigic, Vania"]
[Result "1-0"]
[WhiteElo "2339"]
[BlackElo "1637"]
[PlyCount "43"]
[EventDate "2023.09.17"]
[EventType "swiss (blitz)"]
[EventRounds "11"]
[EventCountry "FRA"]
[SourceTitle "EXT 2025"]
[Source "ChessBase"]
[SourceDate "2024.10.14"]
[SourceVersion "1"]
[SourceVersionDate "2024.10.14"]
[SourceQuality "1"]

1. d4 d5 2. Nf3 Nc6 3. c4 dxc4 4. d5 Nb8 5. e4 c6 6. Bxc4 cxd5 7. exd5 Nd7 8. 0-0 Nb6 9. Bb3 Bg4 10. Re1 e6 11. dxe6 Qxd1 12. exf7+ Kd8 13. Rxd1+ Nd7 14. fxg8Q Rxg8 15. Bxg8 Rc8 16. Nc3 Bxf3 17. gxf3 Be7 18. Be6 Rc5 19. Rxd7+ Ke8 20. Rxb7 Bf6 21. Ne4 Rc6 22. Bd7+ 1-0

[Event "Orsay Blitz op"]
[Site "Europe Echecs INT"]
[Date "2023.09.17"]
[Round "5"]
[White "Zigic, Vania"]
[Black "Lucas, Yann"]
[Result "0-1"]
[WhiteElo "1637"]
[BlackElo "1199"]
[PlyCount "60"]
[EventDate "2023.09.17"]
[EventType "swiss (blitz)"]
[EventRounds "11"]
[EventCountry "FRA"]
[SourceTitle "EXT 2025"]
[Source "ChessBase"]
[SourceDate "2024.10.14"]
[SourceVersion "1"]
[SourceVersionDate "2024.10.14"]
[SourceQuality "1"]

1. d4 d6 2. Bf4 g6 3. e3 Bg7 4. Bd3 Nd7 5. Ne2 e6 6. 0-0 a6 7. Nd2 b6 8. c4 Bb7 9. Rc1 Ne7 10. b4 h6 11. c5 g5 12. Bg3 e5 13. cxd6 cxd6 14. dxe5 dxe5 15. Be4 Bxe4 16. Nxe4 0-0 17. a4 f5 18. Nd6 f4 19. exf4 exf4 20. Bxf4 gxf4 21. f3 Nf5 22. Qb3+ Kh7 23. Qd3 Qf6 24. Nxf5 Qxf5 25. Qxd7 Qxd7 26. Nc3 Bd4+ 27. Kh1 Bxc3 28. Rxc3 Rac8 29. Rb3 Rc4 30. b5 a5 0-1